000 02014nam0a2200325 4500
001 RU\NLR\BIBL_A\016332065
005 20250228130749.0
010 _a978-5-6047911-6-5
_975
021 _aRU
_bКН-П-23-011803
_9КН-П-23-1158
035 _a(NLR Aleph) 016332065
035 _a(RuMoRGB)011611940
090 _a13314865
_c13314865
100 _a20230403d2022 u y0rusy50 ca
101 0 _arus
102 _aRU
105 _aa j 000zy
181 0 _ai
_baxxe
182 0 _an
200 1 _aИнформационные технологии
_eучебное пособие
_eдля обучающихся направления подготовки: 38.03.05 "Бизнес-информатика" направленность подготовки "Анализ, моделирование и формирование интегрального представления стратегий и целей, бизнес-процессов и информационн-логической инфраструктуры предприятий и организаций"
_fВ. Ю. Кондратьев
_gМинистерство сельского хозяйства Российской Федерации, ФГБОУ ВО "Кубанский государственный аграрный университет имени И. Т. Трубилина"
203 _aТекст
_bвизуальный
_cнепосредственный
210 _aКраснодар
_cКубГАУ
_d2022
215 _a172 с.
_cил., табл.
_d20
320 _aБиблиогр.: с. 169 (12 назв.)
606 1 _aИнформационные технологии
_jУчебные издания для высших учебных заведений
_91740175
_3RU\NLR\AUTH\66778624
686 1 _aЗ973.233я73-1
700 1 _aКондратьев
_bВ. Ю.
_gВалерий Юрьевич
942 _cBOOK
980 _aNB